Las cogniciones sociales (Record no. 69613)

MARC details
000 -CABECERA
campo de control de longitud fija 00544nam a2200205 a 4500
005 - FECHA Y HORA DE LA ÚLTIMA TRANSACCIÓN
campo de control 20210219153143.0
008 - ELEMENTOS DE LONGITUD FIJA--INFORMACIÓN GENERAL
campo de control de longitud fija 991125n 000 0 spa u
035 ## - NÚMERO DE CONTROL DEL SISTEMA
Número de control de sistema UPN01000080642
100 ## - ASIENTO PRINCIPAL--NOMBRE PERSONAL
Nombre de persona D'ANGELO, Estela
222 ## - TÍTULO CLAVE
Título clave LA EDUCACION EN LOS PRIMEROS AÑOS
245 ## - MENCIÓN DE TÍTULO
Título Las cogniciones sociales
260 ## - PUBLICACIÓN, DISTRIBUCIÓN, ETC.
Lugar de publicación, distribución, etc. Buenos Aires, Argentina
300 ## - DESCRIPCIÓN FÍSICA
Extensión 54-69
362 ## - FECHAS DE PUBLICACIÓN Y/O DESIGNACIÓN SECUENCIAL
Fecha de publicación y/o designación secuencial 1999 Año 2, no. 14, jul.
653 0# - TERMINO DE INDIZACION - NO CONTROLADO
Término no controlado PSICOLOGIA EVOLUTIVA
653 0# - TERMINO DE INDIZACION - NO CONTROLADO
Término no controlado INTERACCION SOCIAL
653 0# - TERMINO DE INDIZACION - NO CONTROLADO
Término no controlado NIÑOS
904 ## - ELEMENTOS DE DATOS D LOCAL, LDD (RLIN)
a AC
b 018453
905 ## - TIPO DE MATERIAL
Tipo de material Articulo

No items available.